Stades de National (2022-2023) - Statistiques

Statistiques générales
  • Ce quiz a été pris 29 fois
  • Le résultat moyen est 4 sur 18
Statistiques - réponses
Commune Stade Capacité % Correct
Le Mans FC MMArena 25 064
64%
AS Nancy Lorraine Stade Marcel Picot 20 087
64%
Red Star FC Stade Bauer 3 000
48%
Paris 13 Atlético Stade Charléty 19 151
44%
LB Châteauroux Stade Gaston-Petit 17 072
40%
US Orléans Stade de la Source 7 533
36%
CS Sedan Ardennes Stade Louis-Dugauguez 23 189
32%
USL Dunkerque Stade Marcel-Tribut 5 000
20%
Bourg-en-Bresse 01 Stade Marcel-Verchère 11 400
20%
US Concarneau Stade Guy-Piriou 5 820
16%
FC Martigues Stade Francis-Turcan 8 289
8%
Stade Briochin Stade Fred-Aubert 6 008
8%
FC Sète 34 Stade Louis-Michel 8 705
8%
Le Puy Foot Stade Charles Massot 4 800
4%
SO Cholet Stade Omnisport de Cholet 2 635
4%
US Avranches Stade René-Fenouillère 2 650
4%
FC Villefranche Beaujolais Stade Armand Chouffet 3 500
0%
FC Versailles Stade Michel-Hidalgo 6 230
0%
Aucun quiz correspondant
Distribution des résultats
% des personnes avec chaque résultat
Percentile par nombre de réponses
Votre historique - résultats
Vous n’avez pas pris ce quiz